A vous de lire

Αποθηκεύτηκε σε:
Λεπτομέρειες βιβλιογραφικής εγγραφής
Άλλοι συγγραφείς: Greffet, Philippe (Επιμελητής έκδοσης), Porcher, Louis (Επιμελητής έκδοσης), Barnoud, Catherine (Επιμελητής έκδοσης)
Μορφή: Βιβλίο
Γλώσσα:French
Δημοσίευση: Paris : Hachette, 1987
Θέματα:
Ετικέτες: Προσθήκη ετικέτας
Δεν υπάρχουν, Καταχωρήστε ετικέτα πρώτοι!

MARC

LEADER 00000nam a2200000 i 4500
001 1/58651
008 020219s1987 fre d
020 |a 2-01-012545-2 (v.3) 
020 |a 2-01-012292-5 (v.4) 
035 |l 10000367 
040 |a GR-MY-UA  |b gre  |e aacr 
041 0 |a fre 
082 0 |a 840 
245 1 2 |a A vous de lire 
260 |a Paris :   |b Hachette,   |c 1987 
300 |a ...v. 
505 0 |a v.4: La revolution francaise/textes proposes et annotes par Olivier Garreau 
650 0 0 |a French literature  |x Literary collections. 
700 1 |a Greffet, Philippe.  |4 edt 
700 1 |a Porcher, Louis.  |4 edt 
700 1 |a Barnoud, Catherine.  |4 edt 
852 |a INST  |b RHODES  |e 20020219  |h 840 AVO  |p 005400008458  |q 005400008458  |t BK  |y 0  |z v.3 
852 |a INST  |b RHODES  |e 20020219  |h 840 AVO  |p 005400008459  |q 005400008459  |t BK  |y 0  |z v.4 
852 |a INST  |b RHODES  |e 20020219  |h 840 AVO  |p 005400008458  |q 005400008458  |t BK  |v v.3:  |y 0  |z v.3 
852 |a INST  |b RHODES  |e 20020219  |h 840 AVO  |p 005400008459  |q 005400008459  |t BK  |v v.4:  |y 0  |z v.4 
853 |a INST  |b RHODES  |h 840 AVO 
909 |a Ρ  |b 016845 
909 |a Ρ  |b 016853 
922 |a 4ΕΛΗ  |b 199005  |c 9416/2 
970 |a ΚΟΥΛΑΚΙΟΤΗ  |b ΛΙΤΣΑ  |z 2002/02/19